Gaming Quiz

Random Gaming Quiz
Score 0/9 Timer 01:00
0 Plays Today
What he says % Correct
The _______ you guys get back heresooner
86.7%
the sooner we get back and get some hot ____.chow
66.7%
and go straight to the ___ chow?hot
66.7%
Hey _____ can't we just skip the partolsarge
66.7%
Now get out of ____!here
60%
Alright, this is the last point on our ______.patrol
46.7%
Ender I'd find that funny if I wasn't _____ my can off!freezen
40%
Meet back at the ______jeep
40%
When You've done your ______.sweep
40%
Remove Ads.
Support Sporcle.
Get the best of Sporcle when you Go Orange. This ad-free experience offers more features, more stats, and more fun while also helping to support Sporcle. Thank you for becoming a member.

You're not logged in!

Compare scores with friends on all Sporcle quizzes.
OR
Log In

Show Comments

Extras

Created Nov 4, 2010ReportNominate
Tags:Moody, sgt

Top Quizzes Today


Score Distribution

Your Account Isn't Verified!

In order to create a playlist on Sporcle, you need to verify the email address you used during registration. Go to your Sporcle Settings to finish the process.

Report this User

Report this user for behavior that violates our Community Guidelines.

Details: